|
|
|
|
| LEADER |
01090nam a2200253 a 4500 |
| 001 |
31876 |
| 003 |
BD-DhAAL |
| 005 |
20211207114622.0 |
| 008 |
170719s2016 bg ar f0 a0eng d |
| 999 |
|
|
|c 38183
|d 38183
|
| 040 |
|
|
|a BD-DhAAL
|c BD-DhAAL
|
| 082 |
0 |
0 |
|a 354.549200722
|2 22
|
| 245 |
0 |
0 |
|a Annual budget 2016-2017 :
|b demands for grants and appropriations (non development and development)
|
| 260 |
|
|
|a Dhaka :
|b Finance Division, Ministry of Finance, Government of the People's Republic of Bangladesh,
|c 2016
|
| 300 |
|
|
|a A-Z, 325 pages :
|b illustrations ;
|c 25 cm.
|
| 515 |
|
|
|a Report based on fiscal year.
|
| 526 |
|
|
|a ESS
|
| 541 |
|
|
|a 31876
|
| 650 |
|
0 |
|a Budget
|z Bangladesh.
|9 21823
|
| 650 |
|
0 |
|a Economics.
|9 43493
|
| 710 |
2 |
|
|a Finance Division, Ministry of Finance, Government of the People's Republic of Bangladesh.
|9 21824
|
| 852 |
1 |
|
|a Ayesha Abed Library
|c General Stacks
|
| 942 |
|
|
|2 ddc
|c BK
|
| 952 |
|
|
|0 0
|1 0
|2 ddc
|4 0
|6 354_549200722000000_ANN
|7 0
|9 60868
|a BRACUL
|b BRACUL
|c GEN
|d 2017-07-04
|e Lucky Book Seller
|g 150.00
|l 0
|o 354.549200722 ANN
|p 3010031876
|r 2017-07-04
|t 1
|v 150.00
|w 2017-07-04
|y BK
|